Sports Quiz

Random Sports or Football Quiz

Ipswich Town F.C Facts Quiz Stats

 Plays Quiz not verified by Sporcle

Challenge
Share
Tweet
Embed
Score 0/33 Timer 06:00
0 Plays Today
Question Answer % Correct
NicknameThe Tractor Boys
95.9%
CountySuffolk
94.7%
Home shirt colour 1Blue
93.4%
Full NameIpswich Town Football Club
91.9%
Home GroundPortman Rd
88%
Owner and Chairman Marcus Evans
75.1%
No. of Managers19
74.1%
NicknameThe Blues
71.9%
Current LeagueChampionship
71.4%
Home shirt colour 2White
67.1%
Away shirt colour 2White
67.1%
Biggest RivalryNorwich City
66.6%
Founded1878
60.8%
Third shirt colourRed
58.6%
Away shirt colour 1Black
55.9%
Present ManagerPaul Jewell
53.2%
Name of Derby East Anglian Derby
46.8%
Question Answer % Correct
Biggest Loss10-1
35.9%
Turned Professional1936
34.7%
Joined Football League1936
34.7%
Times won Premier League1
30.5%
Times won FA cups1
30.5%
Times won UEFA cup (champions league)1
30.5%
No. of Players in squad34
28.3%
Capacity30,311
24.6%
Biggest Victory7-0
18%
Shortest time being Manager in Matchs2
12.9%
Home Attendance Record38,010
5.4%
Most Goals in career at Ipswich Town203
1%
Most Appearances by individual player591
1%
Highest Transfer Fee received6.5 million
0.7%
Highest Transfer Fee spent�4.75 million
0.5%
Longest time being Manager in Matchs709
0.5%

You're not logged in!

Compare scores with friends on all Sporcle quizzes.
OR
Log In

You Might Also Like...

Show Comments

Extras

Top Quizzes Today


Score Distribution

Your Account Isn't Verified!

In order to create a playlist on Sporcle, you need to verify the email address you used during registration. Go to your Sporcle Settings to finish the process.

Report this User

Report this user for behavior that violates our Community Guidelines.

Details: